000 00693nam a22001697a 4500
999 _c12508
_d12508
008 190129b ||||| |||| 00| 0 eng d
082 _22018
_aUT 1144
_bP12
100 _aPactao-in, Jennefer M.
_935261
245 _aMetakognitibong kamalayan at estratehiya sa pagbabasa ng mga mag-aaral ng ika-12 baitang ng Senior High School /
_cJenneffer M. Pactao-in, Vincent Paul E. Tigas, and Joycee I. Segura
260 _aDigos City:
_bUMDC
_cOctober 2018.
300 _a55 pages;
_c30 cm.
650 _aEducation
_vFilipino
_xUndergraduate thesis.
_935262
700 _aPactao-in, Jennefer M.
_935261
700 _aTigas, Vincent Paul E.
_935263
700 _aSegura, Joycee I.
_935264
942 _2ddc
_cUT